000 00360nam a2200109Ia 4500
008 171204s9999 xx 000 0 und d
245 _aFinancial Accounting For Decision Makers:
245 _cEddie McLaney and Peter Atrill
260 _c2015
650 _xFINANCIAL ACCOUNTING & REPORTING 1-3
856 _uhttp://down.ebook777.com/011/FinAccForDecMak(6tEdi.pdf
999 _c345706
_d345706